| 000 | 00470nam a2200169Ia 4500 | ||
|---|---|---|---|
| 008 | 210210b2002 xxu||||| |||| 00| 0 eng d | ||
| 020 | _a81 207 1937 9 | ||
| 082 | _a321.8 BHAW | ||
| 100 | _aBHAGWAN (Vishnoo) and BHUSHAN (Vidya). | ||
| 245 | _aWorld constitutions. Rev Ed 7. | ||
| 250 | _a | ||
| 260 |
_aNew Delhi. _bSterling Publishers Pvt Ltd., _c2002 |
||
| 300 | _avi,168,12 | ||
| 650 | _aWorld Constitution | ||
| 690 | _aModern Governments | ||
| 906 | _a057867 | ||
| 999 |
_c105447 _d105447 |
||